| 000 | 00932cam a2200229 4500 | ||
|---|---|---|---|
| 001 | WB3631-09 | ||
| 008 | 000000n2000 000 0 eng u | ||
| 035 | _a(Sirsi) u107637 | ||
| 245 | _aChurches fight back against the bat | ||
| 260 | _c2000 | ||
| 490 |
_aDaily Telegraph _v7 August 2000, 8(1) |
||
| 520 | _aA report by the Movement Against Bats in Churches has highlighted the struggle of parishioners and clergy to clean their churches and protect historic objects from damage by bats. This is becoming increasingly difficult because of the protection bats have under the 1981 Wildlife and Countryside Act. | ||
| 590 | _aWB | ||
| 650 | _aBATS | ||
| 650 | _aLAW | ||
| 650 | _aCONSERVATION | ||
| 650 | _aCHURCHES | ||
| 650 | _aWILDLIFE AND COUNTRYSIDE ACT 1981 | ||
| 650 | _aMOVEMENT AGAINST BATS IN CHURCHES | ||
| 690 | _aBUILT ENVIRONMENT-BUILDING MAINTENANCE AND REFURBISHMENT-BUILDING CONSERVATION | ||
| 942 | _n0 | ||
| 999 |
_c64314 _d64314 |
||